Normal view
MARC view
- Photovoltaic cells
Entry Topical Term
001 - CONTROL NUMBER
- control field: 34536
003 - CONTROL NUMBER IDENTIFIER
- control field: NUST
005 - DATE AND TIME OF LATEST TRANSACTION
- control field: 20201026185532.0
008 - FIXED-LENGTH DATA ELEMENTS
- fixed length control field: 201026|| aca||aabn | a|a d
040 ## - CATALOGING SOURCE
- Original cataloging agency: NUST
- Transcribing agency: NUST
150 ## - HEADING--TOPICAL TERM
- Topical term or geographic name entry element: Photovoltaic cells
- Form subdivision: Textbooks
670 ## - SOURCE DATA FOUND
- Source citation: Work cat.: (NUST)0: Kissell, Thomas E. 34535, Introduction to solar principles /, c2018
